Think Outside the Box Quiz - Statistics

General Stats
  • This quiz has been taken 27 times
  • The average score is 3 of 11
Answer Stats
Hint Answer % Correct
Questions What is the fastest thing in the universe?
100%
Questions What is the fastest animal on Earth?
96%
Questions What country has the fastest internet?
35%
Questions What is the biggest country?
35%
Questions What is the fastest car?
13%
Questions What is that country's biggest subdivision?
13%
Questions What is the biggest continent?
13%
Questions What is the biggest animal in the world?
13%
Questions What is the biggest planet?
13%
Questions What is that planet's biggest moon?
9%
Final Question What is the answer to this question?
4%
No matching quizzes found
Score Distribution
Percent of People with Each Score
Percentile by Number Answered
Your Score History
You have not taken this quiz